00659nam a2200241 a 4500001001300000003000900013005001700022008004100039020001000080082001500090100001900105245004000124260002300164300000800187500003500195505001700230650002600247700001900273902000800292942000700300952009500307999001500402nice12345678IN_TiNIC20260116011503.0050524s1908 laha grp 000 0 urd  ac10000a232.1bATH aAthanasius, St aKalamullah Ke Tajassum Ke Bayan Men aLahorebSpckc1908 a72p aincludes index and biblioraphy2 abibliography aJesus Christ-Divinity1 aAthanasius, St bRBA cBK 00104070aHMIbHMId2007-06-18g100.00l0o232.1 ATHp2186r2007-06-18w2026-01-16yARB c1967d1967